Corrosion : for science and engineering /. (Record no. 2823)
[ view plain ]
| 000 -LEADER | |
|---|---|
| fixed length control field | 00877nac a22002291u 4500 |
| 010 ## - LIBRARY OF CONGRESS CONTROL NUMBER | |
| LC control number | 010696449 |
| 020 ## - INTERNATIONAL STANDARD BOOK NUMBER | |
| International Standard Book Number | 0582238692 (pbk.) |
| 028 ## - PUBLISHER NUMBER | |
| Source | www.bl.uk. |
| 082 ## - DEWEY DECIMAL CLASSIFICATION NUMBER | |
| Classification number | 620.1122. |
| Item number | T7257 |
| 090 ## - LOCALLY ASSIGNED LC-TYPE CALL NUMBER (OCLC); LOCAL CALL NUMBER (OCLC) | |
| -- | 2823 |
| -- | 2823 |
| 100 ## - MAIN ENTRY--PERSONAL NAME | |
| Personal name | Trethewey, Kenneth R. th Rich |
| 245 ## - TITLE STATEMENT | |
| Title | Corrosion : for science and engineering /. |
| Statement of responsibility, etc | Kenneth R Trethewey, John Chamberlain |
| 260 ## - PUBLICATION, DISTRIBUTION, ETC. (IMPRINT) | |
| Place of publication, distribution, etc | Harlow : |
| Name of publisher, distributor, etc | Longman Scientific & Technical,1995. |
| Date of publication, distribution, etc | 1995. |
| 300 ## - PHYSICAL DESCRIPTION | |
| Extent | xiv, 466 p . : |
| Other physical details | ill. ; |
| Dimensions | 24 cm. |
| 500 ## - GENERAL NOTE | |
| General note | Previous ed.: 1988. |
| 504 ## - BIBLIOGRAPHY, ETC. NOTE | |
| Bibliography, etc | Includes bibliographical references and index. |
| 650 ## - SUBJECT ADDED ENTRY--TOPICAL TERM | |
| Topical term or geographic name as entry element | Corrosion and anti-corrosives. |
| 650 ## - SUBJECT ADDED ENTRY--TOPICAL TERM | |
| Topical term or geographic name as entry element | Chamberlain, John, 1934- |
| 700 ## - ADDED ENTRY--PERSONAL NAME | |
| Personal name | Chamberlain,John. |
| 942 ## - ADDED ENTRY ELEMENTS (KOHA) | |
| Item type | Book - Borrowing |
| Call number prefix | 620.1122.T7257 |
| Withdrawn status | Item status | Damaged status | Not for loan | Home library | Current library | Shelving location | Date acquired | Source of acquisition | Total Checkouts | Total Renewals | Full call number | Barcode | Date last seen | Date last borrowed | Koha item type |
|---|---|---|---|---|---|---|---|---|---|---|---|---|---|---|---|
| Central Library | Central Library | First floor | 07/03/2007 | Purchase | 9 | 52 | 620.1122. TRE | 000001328 | 15/07/2025 | 13/04/2019 | Book - Borrowing |